000 00924nam a2200253Ia 4500
003 GCL
005 20240530110928.0
008 140319s9999 xx 000 0 ara d
020 _a3333914977
040 _aGCL /
_cGCL
082 0 4 _a811.9
_bأ د
100 1 _aاحمد محمد الحوفى
245 1 0 _aديوان شوقى : توثيق وتبويب وشرح وتعقيب /
_cاحمد محمد الحوفى
250 _aط. 1
260 _aالقاهرة :
_bنهضة مصر للطباعة والنشر والتوزيع ،
_c1981
300 _a2 جزء ؛
_c24 سم
650 0 4 _aالشعر الغزلى
650 0 4 _aالشعراء العرب
650 0 4 _aالشعر العربى - تاريخ ونقد
650 0 4 _aابن خلدون
650 0 4 _aالشعر الجاهلى - تاريخ ونقد
650 0 4 _aالشعر العربى - تاريخ ونقد - العصر الجاهلى
942 _2ddc
_cBK
999 _c66612
_d66612